000 00554cam a22002291 4500
001 sa 65004230
003 DLC
005 20260227112129.0
008 891025s1964 xx c 000 0 hino
010 _asa 65004230
035 _a(OCoLC)20549485
040 _aDLC
_cWaU
_dDLC
042 _apremarc
043 _aa-ii---
050 0 0 _aQ141
_b.K27
100 1 _aKapur, Shyam Narayan,
_d1908-
245 1 0 _aBhāratīya vaijñānika.
260 _c[1964]
300 _a476 p.
_bports.
_c20 cm.
500 _aIn Hindi.
650 0 _aScientists
_zIndia.
999 _c63631
_d63631